Statistiques concernant Football: Pays Champions d'Amérique du Sud (Copa América) (Hommes et Femmes)

Cliquez ici pour prendre le quiz!

Statistiques générales

  • Ce quiz a été pris 191 fois
  • Le résultat moyen est 8 sur 8

Statistiques - réponses

Réponse% Correct
Argentine
100%
Brésil
100%
Uruguay
98%
Colombie
97%
Chili
96%
Bolivie
92%
Pérou
91%
Paraguay
89%

Distribution des résultats

Percentile par nombre de réponses

% des personnes avec chaque résultat

Votre développement - résultats

Vous n’avez pas pris ce quiz